• 首页
  • 本馆介绍
  • 公告通知
  • 最新文献
  • 馆藏检索
  • 电子资源
  • 读者导购
  • 参考咨询
  • 我的图书馆
  • 登录
  • 详细信息显示
  • 放入我的书架
  • 预约/预借图书
  • 作者相关作品
  • 分类相关作品
  • 丛书相关作品
  • 出版社相关作品

书目信息

  • 表格格式
  • 工作单格式
  • 卡片格式
题名:
原来乔木这么美
    
 
作者: 叶子 著
分册:  
出版信息: 北京   东方出版社  2018
页数: 260页
开本: 21cm
丛书名:
单 册:
中图分类: S718.4
科图分类:
主题词: 乔木--qiao mu--介绍--台湾
电子资源:
ISBN: 978-7-5207-0021-4
000 00925nam0 2200253 450
001 012001002491
005 20140101130439.0
010    @a978-7-5207-0021-4@dCNY68.00
099    @aCAL 012018086598
100    @a20180709d2018 em y0chiy50 ea
101 0  @achi
102    @aCN@b110000
105    @aa z 000yy
106    @ar
200 1  @a原来乔木这么美@Ayuan lai qiao mu zhe me mei@f叶子著
210    @a北京@c东方出版社@d2018
215    @a260页@c彩图@d21cm
314    @a叶子,台湾知名博物写作者,常年拍摄、书写植物,用心记录身边的一花一木。
330    @a本书内容简介:听台湾人说台湾野花的故事,一定要认识的47乔木的故事。从台湾枇杷树下的先灵恩怨,到 七月市场上萍婆的嫣红 滋味,到既可以作为染料、花晒干后可以制花茶香料、提炼后能作香水原料的栀子树……
606 0  @a乔木@Aqiao mu@x介绍@y台湾
690    @aS718.4@v5
701  0 @a叶子@Aye zi@4著
801  0 @aCN@b北京卓展@c20191020
905    @b1203633-6@dS718.4@e128@f4
    
    原来乔木这么美/叶子著.-北京:东方出版社,2018
    260页:彩图;21cm
    
    
    ISBN 978-7-5207-0021-4:CNY68.00
    本书内容简介:听台湾人说台湾野花的故事,一定要认识的47乔木的故事。从台湾枇杷树下的先灵恩怨,到 七月市场上萍婆的嫣红 滋味,到既可以作为染料、花晒干后可以制花茶香料、提炼后能作香水原料的栀子树……
●
相关链接 在E读中查询图书 在五车中查询图书 在当当中查询图书 在豆瓣中查询图书


正题名:原来乔木这么美     索取号:S718.4/128         预约/预借

序号 登录号 条形码 馆藏地/架位号 状态 备注
1 1203633   212036330   第二样本阅览室/ [索取号:S718.4/128] 在馆    
2 1203634   212036349   第三借阅区/ [索取号:S718.4/128] 在馆    
3 1203635   212036358   第三借阅区/ [索取号:S718.4/128] 在馆    
4 1203636   212036367   第三借阅区/ [索取号:S718.4/128] 在馆    
唐山师范学院图书馆 欢迎您!
大连网信软件有限公司© 版权所有